|
|
|
|
| LEADER |
00000nam a22000007a 4500 |
| 005 |
2022052008458.0 |
| 007 |
cr|||| |||| |
| 008 |
220520s2021 es |||||s|||| 00||0 spa d |
| 020 |
|
|
|a 978-84-1377-777-1
|
| 035 |
|
|
|a 35679
|
| 040 |
|
|
|a vLex
|
| 090 |
|
|
|c 13382
|d 13382
|
| 100 |
1 |
|
|a Jaň Vallejo, Manuel
|
| 245 |
1 |
0 |
|a La recuperacin̤ de activos frente a la corrupcin̤
|h [Recurso electrn̤ico] :
|b (La Oficina de Recuperacin̤ y Gestin̤ de Activos) /
|c Manuel Jaň Vallejo, ℓngel Luis Perrino Přez
|
| 256 |
|
|
|a Servicio en ln̕ea
|
| 260 |
|
|
|a Madrid:
|b Dykinson,
|c 2021
|
| 300 |
|
|
|a 1 recurso electrn̤ico
|
| 506 |
1 |
|
|a Disponible solo en los productos indicados
|d vLex Global
|d vLex Global (Academic Edition, excluding Law Schools)
|d vLex Global (U.S. Academic Edition, Law Schools)
|d vLex Global (U.S. Academic Edition, excluding Law Schools)
|d vLex Global (Academic Edition, Law Schools)
|
| 650 |
0 |
4 |
|a Derecho Penal
|z Espaą
|
| 700 |
1 |
|
|a Perrino Přez, ℓngel Luis
|
| 740 |
0 |
|
|a vLex Libros (Servicio en ln̕ea)
|
| 856 |
4 |
0 |
|u https://app.vlex.com/#/sources/35679
|z Acceso restringido
|
| 942 |
|
|
|c BOOK
|
| 999 |
0 |
|
|a Criminal law
|